00340 2200145 4500001002100000005001500021035002000036245004800056300000700104260003900111082000800150084001200158990001200170990001200182INLIS00000000000262920250605031602 a0010-0625000215 aSodoran ; Tarian Khas Masyarakat /cSuyitno a75 aJakarta :bPT. Dian Ariesta,c2002 a700 a700 SOD a0320131 a0320132